书目信息 |
| 题名: |
3000物理习题精解
|
|
| 作者: | 哈尔彭 著 ;解希顺 译 | |
| 分册: | ||
| 出版信息: | 北京 科学出版社 2002.01 |
|
| 页数: | 619页 | |
| 开本: | 30cm | |
| 丛书名: | 全美经典学习指导系列 | |
| 单 册: | ||
| 中图分类: | O , O4-44 | |
| 科图分类: | ||
| 主题词: | 物理学 | |
| 电子资源: | ||
| ISBN: | 7-03-009393-3 | |
| 000 | 00740nam0 2200241 45 | |
| 001 | 0334250359 | |
| 005 | 2003040109305035 | |
| 010 | @a7-03-009393-3@dRMB 50.00 | |
| 100 | @a20030401d2002 km y0chiy0120 ea | |
| 101 | 0 | @achi |
| 102 | @aCN@b110000 | |
| 200 | 1 | @a3000物理习题精解@A3000 wu li xi ti jing jie@f(美)哈尔彭(A.Halpern)著@F(Mei)Ha Er Peng(A.Halpern)Zhu@g解希顺译@GJie Xi Shun Yi |
| 210 | @a北京@c科学出版社@d2002.01 | |
| 215 | @a619页@d30cm | |
| 225 | 2 | @a全美经典学习指导系列 |
| 410 | 0 | @12001 @a全美经典学习指导系列 |
| 606 | 0 | @a物理学 |
| 690 | @aO@v3 | |
| 690 | @aO4-44@v4 | |
| 701 | 0 | @a哈尔彭@AHa Er Peng@bA.Halpern@4著 |
| 702 | 0 | @a解希顺@AJie Xi Shun@4译 |
| 801 | 0 | @aCN@bPFT@c20030401 |
| 905 | @a10447@dO4-44@eH002 | |
| 3000物理习题精解/(美)哈尔彭(A.Halpern)著/解希顺译.-北京:科学出版社,2002.01 |
| 619页;30cm.-(全美经典学习指导系列) |
| ISBN 7-03-009393-3:RMB 50.00 |
| ● |
| 相关链接 |
|
|
|
正题名:3000物理习题精解
索取号:O4-44/H002
 
预约/预借
| 序号 | 登录号 | 条形码 | 馆藏地/架位号 | 状态 | 备注 |
| 1 | 368303 | 203683031 | 自科库401/401自科库 56排4列3层/ [索取号:O4-44/H002] | 在馆 | |
| 2 | 368304 | 203683040 | 自科库401/401自科库 56排4列3层/ [索取号:O4-44/H002] | 在馆 |